000 01366cab a2200325 4500
001 X2927
008 090401t1995 xxu||||| |||| 00| 0 eng d
035 _a(Sirsi) u27268
041 _aeng
245 _aWarwickshire CC and Landfill Development Co Ltd
260 _c1995
350 _a0
490 _aPlanning Appeal Decisions
_v(1995) 10 PAD 790-795(6)
520 _aDecision letter 13 July 1995. Compound for storage of reclaimed materials pending re-use or re-sale - existing permission for sand excavation - not to be exercised within five years - Structure and Local Plans - green belt - environmental enhancement zone - recycling of wastes - preference for urban sites - special circumstances - conditions - costs - status of officer`s recommendation - status of withdrawn report.
650 _aDOE CIRCULAR 08/1993
650 _aENVIRONMENTAL ENHANCEMENT ZONE
650 _aGREEN BELT
650 _aLOCAL GOVERNMENT ACT 1972
650 _aLOCAL PLAN
650 _aMINERALS PLANNING GUIDANCE NOTE ONE
650 _aMINERALS PLANNING GUIDANCE NOTE SIX
650 _aPLANNING POLICY GUIDANCE NOTE 2 (GREEN BELTS)
650 _aPPG23
650 _aSAND EXTRACTION
650 _aSTRUCTURE PLANS
650 _aTOWN AND COUNTRY PLANNING ACT 1990 S78
690 _aPLANNING LAW AND PRACTICE-CASE LAW
942 _n0
948 _c04/03/1997
999 _c18353
_d18353